| 000 | 00792nam a2200241Ia 4500 | ||
|---|---|---|---|
| 003 | OSt | ||
| 005 | 20220923211252.0 | ||
| 006 | a|||||r|||| 00| 0 | ||
| 007 | ta | ||
| 008 | Pun | ||
| 020 |
_a9788178835686 (hbk) _c220 |
||
| 024 | _a239,969 | ||
| 037 |
_b168, 24/10/2009, H.K. Prakashan _cTextual |
||
| 040 |
_aARTS _cARTS _bPun |
||
| 041 |
_2Pun _aPun |
||
| 082 | _aQ8441wJ63:g, 153P9 | ||
| 100 | _aਗਰੇਵਾਲ, ਅਮਰਜੀਤ ਸਿੰਘ | ||
| 245 | 0 | _aਸੱਚ ਦੀ ਸਿਆਸਤ | |
| 260 |
_aਲੁਧਿਆਣਾ _b ਚੇਤਨਾ ਪ੍ਰਕਾFਨ _c2009 |
||
| 300 |
_a184ਪੰ _ccm. |
||
| 942 |
_hQ8441wJ63:g, 153P9 _cTEXL _2CC |
||
| 999 |
_c297994 _d297994 |
||